Statistics for Most Recently-Settled Countries

Click here to take the quiz!

General Stats

  • This quiz has been taken 44,692 times
  • The average score is 5 of 9

Answer Stats

YearFirst Settled ByCountry% Correct
874NorseIceland
85%
1250PolynesiansNew Zealand
79%
1462PortugueseCape Verde
64%
1770FrenchSeychelles
61%
1638DutchMauritius
60%
1485PortugueseSão Tomé and Príncipe
60%
500BorneansMadagascar
57%
550VariousComoros
51%
850TainoBahamas
32%

Score Distribution

Percentile by Number Answered

Percent of People with Each Score

Your Score History

You have not taken this quiz